000
00276nam a2200109Ia 4500
008
190216s9999||||xx |||||||||||||| ||und||
100
_a
Sundaram K P M &sundaram E M
245
0
_a
Economic Analysis
260
_b
Sulthan Chand&Sons
_c
1992
650
_a
Economics
942
_c
BK
999
_c
9868
_d
9868